00950nam a2200217 a 4500001001000000003000500010005001700015008004100032010001100073011001100084040000900095100003000104245020000134260004000334500006000374502009800434650005400532650002000586650005600606856007000662000113132CHAP20220329144340.0170428s2016 mx sm |||||||spa d a109593 a110565 cCHAP1 aIglesias Pérez, Denisse10aParasitoides de larvas del gusano cogollero del maíz Spodoptera frugiperda (J. E. Smith) (Lepidóptera: Noctuidae) en Bermejillo, Durango, Méxicoh[En línea]cpor Denisse Iglesias Pérez. aDurango, Méx. :bEl autor,c2016. aPara ver el contenido del material haga clic en la liga aTesis (Ing. en Sistemas Agrícolas) -- UACH. Unidad Regional Universitaria de Zonas Áridas14aGusano cogollero del maízxControl biológico.14aMaízxPlagas.14aSpodoptera fragiperdaxFisiología y morfología. aFinding aiduhttp://10.13.5.2/tesis/sist113132.pdfzTeclea aquí